00621 2200241 4500001002100000005001500021035002000036007000300056008004100059020002200100082001000122084001600132100001700148245003400165250002600199260003100225300004700256700001600303700001200319990001600331990001600347990001600363INLIS00000000000003420220514094543 a0010-0522000016ta220514 b 0 ind  a978-602-434-033-9 a372.2 a372.2 IRE k0 aIrene M.J.A.1 aKeluargaku 1d /cIrene M.J.A. aKurikulum 2013 Revisi aJakarta :bErlangga,c2016 a111 halaman :bilustrasi berwarna ;c26 cm0 aDwi Tyas K.0 aWini K. a00000000033 a00000000034 a00000000035